Miejscowości na trasie linii 200 PKS Słupsk. - Statystyki

Ogólne statystyki
  • Ten quiz został rozwiązany 22 razy
  • Średni wynik to 6 z 8
Statystyki odpowiedzi
Miejscowość % Poprawnych
1. Słupsk
94%
8. Ustka
88%
4. Bydlino
76%
2. Włynkówko
76%
3. Włynkowo
71%
7. Grabno
65%
6. Zimowiska
65%
5. Niestkowo
59%
Nie znaleziono quizów pasujących do podanych kryteriów
Rozkład punktacji
Procent ludzi z każdym wynikiem
Percentyl według liczby udzielonych odpowiedzi
Twoja historia wyników
Nie rozwiązałeś tego quizu